Breaking through the grass ceiling : women, power and leadership in agricultural organisations (Record no. 119431)

MARC details
000 -LEADER
fixed length control field 00648nam a2200205Ia 4500
008 - FIXED-LENGTH DATA ELEMENTS--GENERAL INFORMATION
fixed length control field 191130s2000##################000#0#eng##
020 ## - INTERNATIONAL STANDARD BOOK NUMBER
ISBN 9789058231024
082 ## - DEWEY DECIMAL CLASSIFICATION NUMBER
Classification number 331.481630994 ALS
100 ## - MAIN ENTRY--AUTHOR NAME
Personal name Alston, Margaret
245 ## - TITLE STATEMENT
Title Breaking through the grass ceiling : women, power and leadership in agricultural organisations
Statement of responsibility, etc Margaret Alston
260 ## - PUBLICATION, DISTRIBUTION, ETC. (IMPRINT)
Place of publication Amsterdam
Name of publisher Harwood Academic Publishers
Year of publication c2000
300 ## - PHYSICAL DESCRIPTION
Number of Pages vii, 280 p. ; 24 cm.
500 ## - GENERAL NOTE
General note Includes index
650 ## - SUBJECT ADDED ENTRY--TOPICAL TERM
Topical Term Australia
Topical Term Women in agriculture
991 ## -
-- 276817
Holdings
Withdrawn status Lost status Damaged status Not for loan Home library Current library Shelving location Date acquired Full call number Accession Number Price effective from Koha item type
        Anna Centenary Library Anna Centenary Library 4TH FLOOR, A WING 12.10.2020 331.481630994 ALS 288163 12.10.2020 English Books

Find us on the map